Československý socialistický štát a právo Vznik a rozvoj

Guardado en:
Detalles Bibliográficos
Autor principal: Čič, Milan
Formato: Libro
Lenguaje:eslovaco
Publicado: Bratislava Veda 1987
Edición:1. vyd.
Etiquetas: Agregar Etiqueta
Sin Etiquetas, Sea el primero en etiquetar este registro!

MARC

LEADER 00000nam a2200000 4500
001 c024586
005 20221219094341.8
041 0 |a slo 
044 |a SK 
245 1 0 |a Československý socialistický štát a právo  |b Vznik a rozvoj  |c Milan Čič a kol. 
250 |a 1. vyd. 
264 1 |a Bratislava  |b Veda  |c 1987 
300 |a 572 s. 
100 1 |a Čič, Milan